Formación de la unidad española / (Record no. 38734)

MARC details
000 -LEADER
campo de control de longitud fija 00787nam a2200193 i 4500
001 - NÚMERO DE CONTROL
campo de control 38734
003 - IDENTIFICADOR DE NÚMERO DE CONTROL
campo de control ES-MaACL
005 - FECHA Y HORA DE LA ÚLTIMA TRANSACCIÓN
campo de control 20250822063116.0
007 - CAMPO FIJO DE DESCRIPCIÓN FÍSICA--INFORMACIÓN GENERAL
campo de control de longitud fija t|
008 - DATOS DE LONGITUD FIJA--INFORMACIÓN GENERAL
campo de control de longitud fija 030226s1949 sp ||||1| spa d
100 1# - ENTRADA PRINCIPAL--NOMBRE DE PERSONA
Nombre de persona Calmette, Joseph,
Fechas asociadas al nombre 1873-1952
9 (RLIN) 33767
245 10 - MENCIÓN DEL TÍTULO
Título Formación de la unidad española /
Mención de responsabilidad, etc. Joseph Calmette ; [traducción castellana, corregida y aumentada por el autor, con un prólogo original, precedido de una breve noticia biográfica del mismo por Joaquina Comas Ros].
250 ## - MENCION DE EDICION
Mención de edición [1ª ed.].
260 ## - PUBLICACIÓN, DISTRIBUCIÓN, ETC.
Lugar de publicación, distribución, etc. Barcelona :
Nombre del editor, distribuidor, etc. Luis de Caralt,
Fecha de publicación, distribución, etc. [1949] (
Fabricante Talls. Gráfs. Soc. Gral de Publicaciones)
300 ## - DESCRIPCIÓN FÍSICA
Extensión 257 p. :
Otras características físicas il., 5 láms. ;
Dimensiones 21 cm.
700 1# - ENTRADA AGREGADA--NOMBRE PERSONAL
Nombre de persona Comas Ros, Joaquina.
9 (RLIN) 39951
852 ## - LOCALIZACIÓN
Ubicación ES-MaACL
Número de control de estantería D-6009
Sublocalización o colección R.29258
Holdings
Estatus retirado Estado de pérdida Estado de daño No para préstamo Biblioteca de origen Biblioteca actual Ubicación en estantería Fecha de adquisición Fuente de adquisición Total de préstamos Signatura topográfica completa Código de barras Visto por última vez Precio de reemplazo Tipo de ítem Koha
        Biblioteca del Ateneo de Madrid Biblioteca del Ateneo de Madrid Sala Valle Inclán 17/01/2008     D-6009 901040787 23/02/2023 23/02/2023 Libro impreso